000 00907nam a2200349Ia 4500
005 20260514124354.0
008 008 261405s9999 xx 000 0 eng d
037 _aThesis
040 _aCRL
040 _beng
040 _cCRL
041 _2eng
041 _aeng
084 _qCRL
100 _aSingh Dr.Kalpana
_91239656
245 0 _aStudy of CD44 Expression in Breast Carcinoma and to See its Association with the Molecular Subtypes of Breast Carcinoma.
260 _aDelhi
260 _bUniversity of Delhi
260 _c2015
300 _a95p.
502 _bPh.D.
502 _cUniversity of Delhi
502 _d2015
541 _oThesis
650 _aPathology
_91239640
700 _aDr.Kiran Agarwal
_91239657
700 _aDr.Manjula Jain,
_91239658
700 _aDr.O.P.Pathania
_91239659
710 _aPathology
942 _cTH
999 _c1851758
_d1851758